| 000 | 01400 a2200253 4500 | ||
|---|---|---|---|
| 999 |
_c5090 _d5090 |
||
| 010 | _aENG-86724-27 | ||
| 020 |
_a8176481971 (v. 18) _c2000.00 (v.18) |
||
| 020 |
_a817648198X (v.19) _c2000.00 (v.19) |
||
| 020 |
_a8176481998 (v.20) _c2000.00 (v.20) |
||
| 020 |
_a8176483141 (v.21) _c2000.00 (v.21) |
||
| 020 |
_a8176481793 (set) _c-- |
||
| 035 | _aEN-70257-60 | ||
| 037 | _bDBAD / PUB | ||
| 082 | 1 | 4 | _a250.03 |
| 100 | 1 | _aChitkara, M.G. | |
| 245 | 1 |
_aEncyclopaedia of Buddhism : _ba world faith / _cby M.G.Chitkara ; assisted by Atma Ram ... [et al.] |
|
| 260 |
_aNew Delhi _bA.P.H. Publishing _c2007 |
||
| 270 |
_a5, Ansari Road, Darya Ganj _bNew Delhi _e110 002 |
||
| 300 |
_a21V., (v.18-21) (xxiii, 558p; xiv, 327p; xv, 295p; xxi, 536p) _c24 cm ( Hb) |
||
| 500 | _aThis book published in 21 vols. & D.B.Act Division received Vol.1 to 6 in 2000 and v.18-21 received on 11.09.2007. | ||
| 505 | _av.1 The Dhammapada stories (840p); v.2 World peace in nuclear age (476p); v.3 So says bodhisattva (716p); v.4 Buddhism and environment (470p); v.5 Buddhist nirvana (640p); v.6 Buddhism pulsative Himalayas; v.18 Bodicharyavatara: governing the bodhisattvas way of life (xxiii, 558p); v.19 Interdependence and interrelatedness (xiv, 327p); v.20 Kalchakra tantra (xv, 295p); v.21 Glossary of Buddhist terms (xxi, 536p) | ||
| 700 | _aAtma Ram | ||
| 942 |
_adpl _cEN _2ddc _h250.03 _mCHI |
||